| 000 | 00766nam a2200229 a 4500 | ||
|---|---|---|---|
| 005 | 20221119063441.0 | ||
| 008 | 180815s2015 mx r 000 0 spa d | ||
| 020 | _a9788427721074 | ||
| 035 | _aUPN01000226233 | ||
| 049 | _aCG | ||
| 050 | 4 |
_aRC553 A8.8 _bT3.8 |
|
| 100 | 1 |
_aTaylor, Paul Gordon, _d1945- _942086 |
|
| 245 | 1 | 0 |
_aTrastornos del espectro autista : _bguía básica para educadores y padres / _cPaul G. Taylor ; tr. Pablo Manzano. |
| 260 |
_aMadrid : _bNarcea, _c2015. |
||
| 300 | _a98 p. | ||
| 440 | 0 |
_aEducación hoy. _pAtención a la diversidad |
|
| 534 |
_pTítulo original: _tA beginner's guide to austim spectrum disorders |
||
| 650 | 2 |
_aAutismo _9362 |
|
| 650 | 2 |
_aTrastornos del espectro autista _923712 |
|
| 905 | _aLibro | ||
| 999 |
_c198329 _d198329 |
||